[Event "SK Altenkirchen I-Caissa Schwarzenbach "]
[Site "?"]
[Date "2017.11.12"]
[Round "4.2"]
[White "Wagener, Claude"]
[Black "Fries, Frederik"]
[Result "1-0"]
[WhiteElo "2238"]
[BlackElo "2297"]
[PlyCount "57"]
[EventDate "2017.??.??"]
[WhiteTeam "SK Altenkirchen I"]
[BlackTeam "Caissa Schwarzenbach I"]

1. e4 c5 2. Nf3 d6 3. d4 cxd4 4. Nxd4 Nf6 5. Nc3 a6 6. Bd3 g6 7. f4 Bg7 8. Nf3
O-O 9. O-O Nbd7 10. Qe1 Qc7 11. Kh1 e6 12. Qh4 b5 13. f5 b4 14. Ne2 e5 15. fxg6
hxg6 16. Ng5 Bb7 17. Bd2 a5 18. Rf3 d5 19. Raf1 Rfe8 20. Ng3 d4 21. Bb5 Bc6 22.
Bc4 Re7 23. Nh7 Bxe4 24. Nxe4 Nxh7 25. Qxe7 Qxc4 26. Qxd7 Rf8 27. Nd6 Qe2 28.
R3f2 Qa6 29. h4 1-0

[Event "SK Altenkirchen I-Caissa Schwarzenbach "]
[Site "?"]
[Date "2017.11.12"]
[Round "4.3"]
[White "Wild, Achim"]
[Black "Heidorn, Oliver"]
[Result "1-0"]
[WhiteElo "2275"]
[BlackElo "2118"]
[PlyCount "31"]
[EventDate "2017.??.??"]
[WhiteTeam "Caissa Schwarzenbach I"]
[BlackTeam "SK Altenkirchen I"]

1. d4 Nf6 2. Nc3 d5 3. Bf4 c6 4. e3 Bf5 5. Bd3 Bg6 6. Nf3 e6 7. O-O Bd6 8. Re1
O-O 9. Bxg6 hxg6 10. Bxd6 Qxd6 11. e4 dxe4 12. Nxe4 Nxe4 13. Rxe4 Nd7 14. c4
Rfe8 15. Qb3 a5 16. Qc2 1-0

[Event "SK Altenkirchen I-Caissa Schwarzenbach "]
[Site "?"]
[Date "2017.11.12"]
[Round "4.4"]
[White "Telke, Holger"]
[Black "Czybik, Nils-Patrick"]
[Result "0-1"]
[WhiteElo "2092"]
[BlackElo "2169"]
[PlyCount "72"]
[EventDate "2017.??.??"]
[WhiteTeam "SK Altenkirchen I"]
[BlackTeam "Caissa Schwarzenbach I"]

1. d4 e6 2. Nf3 Nf6 3. e3 c5 4. Bd3 d5 5. c3 Bd6 6. Nbd2 Nbd7 7. O-O O-O 8. Re1
e5 9. e4 exd4 10. cxd4 Re8 11. exd5 cxd4 12. Rxe8+ Qxe8 13. Nc4 Bc5 14. b4 Bxb4
15. Bb2 b5 16. Ncd2 Bc3 17. Qc2 Nb6 18. Re1 Qd7 19. Nxd4 Bxb2 20. Qxb2 a6 21.
Ne4 Nbxd5 22. Nf5 Bb7 23. Nc5 Qc7 24. Qd4 g6 25. Nh6+ Kg7 26. Ng4 Qf4 27. Re4
Qc1+ 28. Bf1 Bc8 29. Nxf6 Nxf6 30. Rf4 Bf5 31. Nd7 Qc6 32. Ne5 Qd5 33. Qb2 Re8
34. Ng4 Qd6 35. Nxf6 Qxf6 36. Qxf6+ Kxf6 {ZÜ} 0-1

[Event "SK Altenkirchen I-Caissa Schwarzenbach "]
[Site "?"]
[Date "2017.11.12"]
[Round "4.5"]
[White "Holle, Cedric"]
[Black "Kaster, Martin"]
[Result "1/2-1/2"]
[WhiteElo "2096"]
[BlackElo "2091"]
[PlyCount "111"]
[EventDate "2017.??.??"]
[WhiteTeam "Caissa Schwarzenbach I"]
[BlackTeam "SK Altenkirchen I"]

1. e4 c6 2. d4 d5 3. e5 Bf5 4. Nf3 e6 5. Be2 Be7 6. O-O h5 7. Nbd2 g5 8. c4 Nd7
9. Qb3 Qb6 10. Qe3 g4 11. Ne1 Nh6 12. c5 Qc7 13. b4 Bg6 14. a4 Nf5 15. Qc3 f6
16. f4 gxf3 17. Ndxf3 fxe5 18. dxe5 O-O-O 19. Nd3 Nh4 20. Nxh4 Bxh4 21. Bb2 Be7
22. Rac1 Bf5 23. Rxf5 exf5 24. b5 Bg5 25. Rc2 Be3+ 26. Kh1 d4 27. Qc4 Rhe8 28.
bxc6 bxc6 29. e6 Nb8 30. Bc1 Qe7 31. Bxe3 dxe3 32. Nf4 Qf6 33. g3 h4 34. Qb3
Rd2 35. Rxd2 exd2 36. Qc2 Qd4 37. Kg2 Qe4+ 38. Qxe4 fxe4 39. gxh4 Kc7 40. h5
Na6 41. h6 Nxc5 42. h7 Kd6 43. Ng6 Kxe6 44. h8=Q Rxh8 45. Nxh8 Kf6 46. a5 Nd3
47. h4 Kg7 48. Kg3 Kxh8 49. Kg4 Kg7 50. Kf5 e3 51. Ke4 d1=Q 52. Bxd1 Nf2+ 53.
Kxe3 Nxd1+ 54. Kd4 a6 55. Kc5 Nb2 56. Kxc6 1/2-1/2

[Event "SK Altenkirchen I-Caissa Schwarzenbach "]
[Site "?"]
[Date "2017.11.12"]
[Round "4.6"]
[White "Schmidt, Reiner"]
[Black "Tabatt, Hendrik"]
[Result "0-1"]
[WhiteElo "2192"]
[BlackElo "2318"]
[PlyCount "59"]
[EventDate "2017.??.??"]
[WhiteTeam "SK Altenkirchen I"]
[BlackTeam "Caissa Schwarzenbach I"]

1. e4 e5 2. f4 Bc5 3. Nf3 d6 4. Nc3 Nf6 5. Bc4 Nc6 6. d3 a6 7. Nd5 Nxd5 8. Bxd5
O-O 9. f5 Nd4 10. Ng5 h6 11. c3 hxg5 12. cxd4 Bb4+ 13. Bd2 Bxd2+ 14. Qxd2 exd4
15. O-O Re8 16. h4 c6 17. Bb3 gxh4 18. f6 Re5 19. fxg7 Qg5 20. Qf2 Re7 21.
Bxf7+ Kxg7 22. Qxd4+ Qe5 23. Qf2 Bd7 24. Bb3 c5 25. Bd5 Rh8 26. Rae1 Be6 27.
Bxe6 Qxe6 28. Qf4 Qh6 29. Qf5 Qg6 30. Re3 0-1

[Event "SK Altenkirchen I-Caissa Schwarzenbach "]
[Site "?"]
[Date "2017.11.12"]
[Round "4.7"]
[White "Grewenig, Jan"]
[Black "Hoffmann, Thomas"]
[Result "1-0"]
[WhiteElo "2089"]
[BlackElo "2032"]
[PlyCount "67"]
[EventDate "2017.??.??"]
[WhiteTeam "Caissa Schwarzenbach I"]
[BlackTeam "SK Altenkirchen I"]

1. e4 c5 2. Nf3 Nc6 3. d4 cxd4 4. Nxd4 a6 5. c4 g6 6. Be3 Bg7 7. Nc3 Nf6 8. Be2
O-O 9. O-O d6 10. f3 Nd7 11. Nd5 e6 12. Nxc6 bxc6 13. Nc3 Qe7 14. Qd2 Bb7 15.
Rad1 d5 16. cxd5 exd5 17. exd5 Rfe8 18. Bd4 cxd5 19. Rfe1 Bxd4+ 20. Qxd4 Qc5
21. Nxd5 Qxd4+ 22. Rxd4 Bxd5 23. Rxd5 Nb6 24. Rd2 Nc4 25. Rc2 Ne3 26. Rcc1 Nf5
27. Bd3 Rxe1+ 28. Rxe1 Nd6 29. Re5 a5 30. Rd5 Ne8 31. Rd7 Rc8 32. b3 Rc7 33.
Rd8 Kf8 34. Bb5 1-0

[Event "SK Altenkirchen I-Caissa Schwarzenbach "]
[Site "?"]
[Date "2017.11.12"]
[Round "4.8"]
[White "Schmerda, Ingo"]
[Black "Becker, Jörg"]
[Result "0-1"]
[WhiteElo "1880"]
[BlackElo "2116"]
[PlyCount "70"]
[EventDate "2017.??.??"]
[WhiteTeam "SK Altenkirchen I"]
[BlackTeam "Caissa Schwarzenbach I"]

1. d4 d5 2. c4 c6 3. Nc3 Nf6 4. e3 e6 5. Nf3 Ne4 6. Bd3 f5 7. Ne5 Qh4 8. O-O
Bd6 9. f4 O-O 10. Nxe4 fxe4 11. Be2 Nd7 12. Nxd7 Bxd7 13. c5 Bc7 14. Bd2 b6 15.
cxb6 axb6 16. Bb4 Rfb8 17. b3 b5 18. Qd2 g5 19. g3 Qh3 20. Rf2 gxf4 21. gxf4
Kf7 22. Qc3 Rg8+ 23. Kh1 Bb6 24. Bf1 Qh4 25. Qd2 Rg6 26. Bg2 Rh6 27. Bf1 Rg8
28. Rg2 Rxg2 29. Qxg2 Rg6 30. Qe2 e5 31. f5 Bxf5 32. Bg2 Rh6 33. Bf1 Bg4 34.
Qc2 Bf3+ 35. Kg1 Rg6+ 0-1

[Event "Turm Illingen I-SK Landau I"]
[Site "?"]
[Date "2017.11.12"]
[Round "4.2"]
[White "Klein, Joachim"]
[Black "Bernhardt, Rolf"]
[Result "1-0"]
[WhiteElo "2170"]
[BlackElo "2247"]
[PlyCount "105"]
[EventDate "2017.??.??"]
[WhiteTeam "Turm Illingen I"]
[BlackTeam "SK Landau I"]

1. e4 e5 2. Nf3 Nc6 3. Nc3 Nf6 4. Bb5 Bb4 5. d3 O-O 6. O-O Bxc3 7. bxc3 d6 8.
a4 Ne7 9. Re1 Ng6 10. d4 c6 11. Bf1 Qc7 12. Bg5 Ne8 13. Nh4 h6 14. Nxg6 fxg6
15. Be3 Be6 16. a5 Nf6 17. f3 g5 18. Qd2 g4 19. dxe5 dxe5 20. Bc5 Rfd8 21. Qf2
gxf3 22. gxf3 Nd7 23. Be3 Rf8 24. Be2 Kh7 25. Kh1 b5 26. axb6 axb6 27. Rxa8
Rxa8 28. Rg1 c5 29. Qh4 Nf8 30. f4 exf4 31. Bxf4 Qf7 32. Bh5 Qf6 33. Qg3 g6 34.
Be2 Ra7 35. Bd6 Rf7 36. Rf1 Qd8 37. Rxf7+ Bxf7 38. Qf4 Kg8 39. Bg4 h5 40. Bh3
g5 41. Qg3 g4 42. Bg2 Ng6 43. e5 Qg5 44. Qe1 Nf4 45. Qe3 h4 46. Be7 Qf5 47. Qe4
Bg6 48. Qa8+ Kh7 49. Bf6 Kh6 50. Bc6 g3 51. Qh8+ Bh7 52. Qg7+ Kh5 53. Bf3+ 1-0

[Event "Turm Illingen I-SK Landau I"]
[Site "?"]
[Date "2017.11.12"]
[Round "4.3"]
[White "Vogel, Johannes"]
[Black "Giese, Tilman"]
[Result "1/2-1/2"]
[WhiteElo "2124"]
[BlackElo "2040"]
[PlyCount "113"]
[EventDate "2017.??.??"]
[WhiteTeam "SK Landau I"]
[BlackTeam "Turm Illingen I"]

1. e4 c5 2. Nf3 e6 3. g3 Nc6 4. Bg2 d6 5. O-O Nf6 6. Re1 Be7 7. d3 O-O 8. Nbd2
e5 9. c3 Bg4 10. Nc4 Qd7 11. Ne3 Bh5 12. h3 d5 13. exd5 Nxd5 14. Nxd5 Qxd5 15.
g4 Bg6 16. Nxe5 Qd6 17. Nxc6 bxc6 18. Qf3 Bh4 19. Bf4 Qf6 20. Be5 Qxf3 21. Bxf3
Rad8 22. Rad1 f5 23. g5 Bxg5 24. Bxc6 Bh5 25. f3 Bh4 26. Re2 f4 27. d4 Rf5 28.
Rdd2 Rg5+ 29. Rg2 Bg3 30. Be4 Bf7 31. b3 Be6 32. Bc7 Rd7 33. h4 Rh5 34. Rxg3
fxg3 35. Bxg3 cxd4 36. cxd4 Bd5 37. Kf2 g5 38. hxg5 Rxg5 39. Bf4 Rh5 40. Ke3
Rh3 41. Be5 Kf7 42. Rc2 Bxe4 43. Kxe4 Rh1 44. Rc6 Re1+ 45. Kf5 Re2 46. Rc8 Rxa2
47. Rh8 Rb2 48. Rxh7+ Ke8 49. Rh8+ Kf7 50. Rb8 a5 51. Rb6 Rb1 52. f4 Ke7 53.
Rb8 Kf7 54. Rh8 Rxb3 55. Rh7+ Ke8 56. Rh8+ Kf7 57. Rh7+ 1/2-1/2

[Event "Turm Illingen I-SK Landau I"]
[Site "?"]
[Date "2017.11.12"]
[Round "4.4"]
[White "Biehler, Thomas"]
[Black "Lang, Matthias"]
[Result "1/2-1/2"]
[WhiteElo "2213"]
[BlackElo "2158"]
[PlyCount "90"]
[EventDate "2017.??.??"]
[WhiteTeam "Turm Illingen I"]
[BlackTeam "SK Landau I"]

1. c4 f5 2. Nc3 Nf6 3. g3 g6 4. Bg2 Bg7 5. Rb1 a5 6. a3 d6 7. d3 Nc6 8. e3 O-O
9. Nge2 e5 10. O-O Qe7 11. b4 axb4 12. axb4 Qf7 13. b5 Nd8 14. Bb2 Kh8 15. Nd5
Ne6 16. f4 e4 17. Bxf6 Bxf6 18. dxe4 fxe4 19. f5 Ng5 20. fxg6 Qxg6 21. Nef4 Qh6
22. Nxf6 Rxf6 23. Ra1 Rxa1 24. Qxa1 Qg7 25. Ng6+ hxg6 26. Qxf6 Nf3+ 27. Rxf3
exf3 28. Qxg7+ Kxg7 29. Bxf3 Kf6 30. h4 Be6 31. Bxb7 Bxc4 32. Bc6 g5 33. hxg5+
Kxg5 34. Bd7 Bd5 35. Kf2 Be4 36. Ke2 Kf6 37. Kd2 Ke5 38. Bc6 Bxc6 39. bxc6 Kd5
40. Kd3 Kxc6 41. Ke4 Kd7 42. Kf5 c5 43. e4 Ke7 44. g4 Kf7 45. e5 dxe5 1/2-1/2

[Event "Turm Illingen I-SK Landau I"]
[Site "?"]
[Date "2017.11.12"]
[Round "4.5"]
[White "Möldner, Jürgen"]
[Black "Schmidt, Johannes"]
[Result "1-0"]
[WhiteElo "2202"]
[BlackElo "2164"]
[PlyCount "61"]
[EventDate "2017.??.??"]
[WhiteTeam "SK Landau I"]
[BlackTeam "Turm Illingen I"]

1. e4 c5 2. Nf3 e6 3. d4 cxd4 4. Nxd4 Nf6 5. Nc3 d6 6. g3 Nc6 7. Bg2 Bd7 8.
Nde2 a6 9. a4 Be7 10. O-O O-O 11. h3 Qc7 12. Be3 Rab8 13. Qd2 b5 14. axb5 axb5
15. Rfd1 Ne5 16. b3 Bc6 17. f4 Ned7 18. Nd4 Nc5 19. Nxc6 Qxc6 20. e5 Nce4 21.
Nxe4 Nxe4 22. Qb4 d5 23. Qxe7 Qxc2 24. Bxe4 Qxe4 25. Bf2 Rbc8 26. Rdc1 Rc2 27.
Rxc2 Qxc2 28. b4 Rc8 29. Ra7 Qf5 30. Qc5 Rb8 31. Qxb5 1-0

[Event "Turm Illingen I-SK Landau I"]
[Site "?"]
[Date "2017.11.12"]
[Round "4.6"]
[White "Keßler, Alexander"]
[Black "Köhler, Patrick"]
[Result "0-1"]
[WhiteElo "1815"]
[BlackElo "2096"]
[PlyCount "72"]
[EventDate "2017.??.??"]
[WhiteTeam "Turm Illingen I"]
[BlackTeam "SK Landau I"]

1. d4 Nf6 2. Bf4 c5 3. e3 Qb6 4. b3 d5 5. Bd3 Nc6 6. c3 Bg4 7. Ne2 e6 8. h3 Bh5
9. Nd2 Be7 10. O-O O-O 11. Rc1 Rac8 12. Kh1 Rfe8 13. g4 Bg6 14. Nf3 Ne4 15. Ne5
Nxe5 16. Bxe5 cxd4 17. Bxe4 Bxe4+ 18. f3 d3 19. fxe4 dxe2 20. Qxe2 dxe4 21. Bd4
Qc7 22. Qg2 e5 23. Bxa7 Ra8 24. Qxe4 Rxa7 25. Qf3 Bg5 26. Rc2 Ra6 27. Rd1 e4
28. Qf5 Ra5 29. Qf2 Rf8 30. c4 f5 31. gxf5 Raxf5 32. Qg2 Qe7 33. Rcd2 Bxe3 34.
Rd7 Qxd7 35. Rxd7 Rf1+ 36. Kh2 Bf4+ 0-1

[Event "Turm Illingen I-SK Landau I"]
[Site "?"]
[Date "2017.11.12"]
[Round "4.7"]
[White "Karpa, Adrian"]
[Black "Schumacher, Christoph"]
[Result "1-0"]
[WhiteElo "1868"]
[BlackElo "2219"]
[PlyCount "53"]
[EventDate "2017.??.??"]
[WhiteTeam "SK Landau I"]
[BlackTeam "Turm Illingen I"]

1. d4 Nf6 2. Bf4 g6 3. Nc3 d5 4. e3 Bg7 5. h4 c5 6. Nb5 Na6 7. a4 O-O 8. h5
Nxh5 9. Rxh5 gxh5 10. Qxh5 f5 11. Nf3 Qe8 12. Qh2 Bd7 13. O-O-O c4 14. Be2 Qg6
15. c3 Be8 16. Rh1 h5 17. Ne5 Bxe5 18. Bxe5 Rd8 19. Qf4 Qh7 20. Rh3 Bg6 21. Rg3
Kf7 22. e4 e6 23. exd5 exd5 24. Qg5 Rd7 25. Qf6+ Ke8 26. Qxg6+ Qxg6 27. Rxg6
1-0

[Event "Turm Illingen I-SK Landau I"]
[Site "?"]
[Date "2017.11.12"]
[Round "4.8"]
[White "Kuhn, Patrick"]
[Black "Hirschinger, Thomas"]
[Result "1-0"]
[WhiteElo "2016"]
[BlackElo "2066"]
[PlyCount "57"]
[EventDate "2017.??.??"]
[WhiteTeam "Turm Illingen I"]
[BlackTeam "SK Landau I"]

1. c4 Nf6 2. g3 c5 3. Bg2 g6 4. Nf3 Bg7 5. O-O O-O 6. d4 cxd4 7. Nxd4 Nc6 8.
Nc3 Ng4 9. e3 Nge5 10. c5 Nxd4 11. exd4 Nc6 12. d5 Nd4 13. d6 e6 14. Qa4 a6 15.
Qc4 Rb8 16. Na4 Qf6 17. Nb6 Qf5 18. Bd2 Nf3+ 19. Bxf3 Qxf3 20. Bc3 f6 21. Rfe1
Qc6 22. b4 f5 23. Bxg7 Kxg7 24. Re3 f4 25. gxf4 Rf5 26. Rc1 Qb5 27. Qd4+ Kg8
28. a4 Qc6 29. Qc4 1-0

[Event "SVG Saarbrücken I-SV Worms 1878 I"]
[Site "Saarbruecken GER"]
[Date "2017.11.12"]
[Round "4.1"]
[White "Nasshan, Dennis"]
[Black "Mohammad, Samir"]
[Result "1-0"]
[WhiteElo "2348"]
[BlackElo "2352"]
[PlyCount "74"]
[EventDate "2017.11.12"]
[WhiteTeam "SV Worms 1878 I"]
[BlackTeam "SVG Saarbrücken I"]

1. d4 d5 2. Nf3 Nf6 3. c4 c6 4. e3 Bf5 5. Nc3 e6 6. Nh4 Be4 7. f3 Bg6 8. Qb3
Qb6 9. Nxg6 hxg6 10. Bd2 Nbd7 11. Qc2 Be7 12. cxd5 exd5 13. O-O-O Qc7 14. h3
O-O-O 15. Kb1 Kb8 16. Rc1 Rc8 17. Na4 Ka8 18. Qb3 Qd6 19. Bd3 Qg3 20. Bf1 c5
21. Nc3 Qd6 22. Qd1 a6 23. dxc5 Nxc5 24. Be1 Ne6 25. Bf2 Qd7 26. Bd3 Bc5 27.
Ne2 Qe7 28. Qa4 Ba7 29. Rxc8+ Rxc8 30. Qd1 Qb4 31. Qe1 Qb6 32. Qd2 Ne8 33. Rc1
Rd8 34. Bc2 Nd6 35. Bd3 Ne4 36. fxe4 dxe4 37. Nd4 exd3 1-0

[Event "SVG Saarbrücken I-SV Worms 1878 I"]
[Site "Saarbruecken GER"]
[Date "2017.11.12"]
[Round "4.2"]
[White "Philippe, Christophe"]
[Black "Heider, Martin"]
[Result "0-1"]
[WhiteElo "2380"]
[BlackElo "2356"]
[PlyCount "96"]
[EventDate "2017.11.12"]
[WhiteTeam "SVG Saarbrücken I"]
[BlackTeam "SV Worms 1878 I"]

1. e4 c6 2. d4 d5 3. Nc3 dxe4 4. Nxe4 Bf5 5. Ng3 Bg6 6. h4 h6 7. Nf3 e6 8. Ne5
Bh7 9. Qh5 Qc7 10. Bc4 Nf6 11. Qe2 Bd6 12. O-O O-O 13. f4 c5 14. dxc5 Bxc5+ 15.
Be3 Bxe3+ 16. Qxe3 Nc6 17. Bb3 Nxe5 18. Qxe5 Qb6+ 19. Kh1 Rad8 20. Qe2 Bf5 21.
Qf2 Qa5 22. Rad1 Ng4 23. Qe2 Qc5 24. Rxd8 Rxd8 25. Nxf5 Qxf5 26. Bc4 h5 27. g3
Qf6 28. b3 g6 29. Bd3 Qc3 30. a4 Kg7 31. Kg1 Rd5 32. Kh1 b6 33. Kg1 Kf8 34. Kh1
Ke7 35. Kg1 f5 36. Kh1 e5 37. fxe5 Rxe5 38. Qg2 Qc7 39. Qa8 Re3 40. Bb5 Nf6 41.
Rd1 Rxg3 42. Re1+ Kf7 43. Bf1 Rg4 44. Bh3 Rxh4 45. Kg2 Qxc2+ 46. Kg3 Qc3+ 47.
Kxh4 Qxe1+ 48. Kg5 Qg3+ 0-1

[Event "SVG Saarbrücken I-SV Worms 1878 I"]
[Site "Saarbruecken GER"]
[Date "2017.11.12"]
[Round "4.3"]
[White "Ollenberger, Roland"]
[Black "Bastian, Herbert"]
[Result "1/2-1/2"]
[WhiteElo "2287"]
[BlackElo "2294"]
[PlyCount "147"]
[EventDate "2017.11.12"]
[WhiteTeam "SV Worms 1878 I"]
[BlackTeam "SVG Saarbrücken I"]

1. e4 c5 2. Nf3 e6 3. d4 cxd4 4. Nxd4 a6 5. Be3 Nf6 6. Bd3 e5 7. Nf3 d5 8. Nbd2
Nc6 9. c3 Be7 10. h3 dxe4 11. Nxe4 Nd5 12. Ng3 Nxe3 13. fxe3 Qb6 14. Qe2 O-O
15. O-O-O Be6 16. Kb1 Rfd8 17. Bf5 Na5 18. Bxe6 Qxe6 19. Qc2 Nc4 20. Qe4 g6 21.
b3 Na3+ 22. Kb2 Nb5 23. Ne2 Ba3+ 24. Kc2 Re8 25. g4 Qb6 26. Nd2 Nd6 27. Qf3
Rac8 28. Ne4 Nxe4 29. Qxe4 Bc5 30. Rd3 Qc6 31. Qxc6 Rxc6 32. e4 Kg7 33. Rd5 Rc7
34. Rhd1 Kf6 35. Nc1 Rec8 36. R1d3 b5 37. Kd2 Ke6 38. Rd8 Rxd8 39. Rxd8 Be7 40.
Rd3 Bg5+ 41. Kc2 Bxc1 42. Kxc1 f5 43. gxf5+ gxf5 44. exf5+ Kxf5 45. Kd2 Rg7 46.
Rf3+ Ke4 47. Re3+ Kf4 48. Kd3 Rd7+ 49. Ke2 e4 50. a3 Rg7 51. Kd2 Rd7+ 52. Ke2
h5 53. c4 bxc4 54. bxc4 Rb7 55. Kf2 Rb2+ 56. Re2 Rb3 57. Rc2 Rxh3 58. Kf1 e3
59. Kg2 Rg3+ 60. Kf1 Kf3 61. Rh2 Rg5 62. Rh3+ Ke4 63. Ke2 Rg2+ 64. Kf1 Ra2 65.
Rxh5 Kd3 66. Rd5+ Kxc4 67. Ra5 Rf2+ 68. Ke1 Rf6 69. Ke2 Re6 70. Ra4+ Kc3 71.
Rb4 Re5 72. Rb6 a5 73. Rb8 Kd4 74. Rb3 1/2-1/2

[Event "SVG Saarbrücken I-SV Worms 1878 I"]
[Site "Saarbruecken GER"]
[Date "2017.11.12"]
[Round "4.4"]
[White "Paci, Cedric"]
[Black "Dausch, Rene"]
[Result "1-0"]
[WhiteElo "2289"]
[BlackElo "2296"]
[PlyCount "51"]
[EventDate "2017.11.12"]
[WhiteTeam "SVG Saarbrücken I"]
[BlackTeam "SV Worms 1878 I"]

1. d4 d5 2. c4 Nc6 3. Nc3 Nf6 4. Nf3 dxc4 5. Bg5 h6 6. Bh4 a6 7. e4 Bg4 8. d5
Ne5 9. Bg3 Bxf3 10. gxf3 Nd3+ 11. Bxd3 cxd3 12. Qxd3 e6 13. O-O-O exd5 14. e5
Nh5 15. e6 Qg5+ 16. f4 Nxf4 17. exf7+ Kxf7 18. Qf3 Bd6 19. Nxd5 Rhf8 20. Nxf4
Kg8 21. Qd5+ Qxd5 22. Nxd5 Bxg3 23. fxg3 c6 24. Nf4 g5 25. Nd3 Rf5 26. Rhe1 1-0

[Event "SVG Saarbrücken I-SV Worms 1878 I"]
[Site "Saarbruecken GER"]
[Date "2017.11.12"]
[Round "4.5"]
[White "Steinkohl, Thomas"]
[Black "Busche, Stefan"]
[Result "1/2-1/2"]
[WhiteElo "2194"]
[BlackElo "2046"]
[PlyCount "49"]
[EventDate "2017.11.12"]
[WhiteTeam "SV Worms 1878 I"]
[BlackTeam "SVG Saarbrücken I"]

1. e4 c5 2. Nf3 e6 3. d4 cxd4 4. Nxd4 a6 5. Bc4 b5 6. Bb3 Bb7 7. Qe2 Qc7 8. O-O
Nc6 9. Nxc6 dxc6 10. f4 c5 11. c4 b4 12. Nd2 Ne7 13. Nf3 Nc6 14. e5 Be7 15. Be3
O-O 16. Bc2 Rad8 17. Rad1 g6 18. Qf2 Nd4 19. Bxd4 cxd4 20. Bd3 f6 21. exf6 Bxf6
22. Nd2 Bg7 23. Rde1 e5 24. f5 e4 25. Nxe4 1/2-1/2

[Event "SVG Saarbrücken I-SV Worms 1878 I"]
[Site "Saarbruecken GER"]
[Date "2017.11.12"]
[Round "4.6"]
[White "Frantz, Nicolas"]
[Black "Helbig, Daniel"]
[Result "0-1"]
[WhiteElo "2071"]
[BlackElo "2159"]
[PlyCount "76"]
[EventDate "2017.11.12"]
[WhiteTeam "SVG Saarbrücken I"]
[BlackTeam "SV Worms 1878 I"]

1. e4 c5 2. Nf3 Nc6 3. Bb5 Nf6 4. Bxc6 dxc6 5. d3 Qc7 6. h3 e5 7. a4 h6 8. Na3
Be6 9. Qe2 Be7 10. b3 Nd7 11. Nc4 g5 12. Be3 f6 13. Nfd2 Nf8 14. h4 Rg8 15.
hxg5 hxg5 16. g3 Bf7 17. Kf1 Ne6 18. c3 O-O-O 19. b4 Qd7 20. b5 Rh8 21. Kg2
Rxh1 22. Rxh1 cxb5 23. axb5 Qxd3 24. Qg4 Qd7 25. Qf5 Nf4+ 26. Bxf4 Qxf5 27.
exf5 Bd5+ 28. f3 exf4 29. Rh7 Bd6 30. g4 Bg8 31. Rg7 Be5 32. b6 Bb8 33. Kf2 a5
34. Ke2 a4 35. Na3 Be5 36. Ne4 Bd5 37. Nf2 Bxc3 38. Nd3 Bb4 0-1

[Event "SVG Saarbrücken I-SV Worms 1878 I"]
[Site "Saarbruecken GER"]
[Date "2017.11.12"]
[Round "4.7"]
[White "Dauenheimer, Torsten"]
[Black "Thomas, Anysia"]
[Result "1/2-1/2"]
[WhiteElo "2216"]
[BlackElo "2069"]
[PlyCount "45"]
[EventDate "2017.11.12"]
[WhiteTeam "SV Worms 1878 I"]
[BlackTeam "SVG Saarbrücken I"]

1. Nf3 g6 2. d4 Bg7 3. g3 Nf6 4. Bg2 O-O 5. O-O d5 6. c4 dxc4 7. Na3 c5 8. Nxc4
Nc6 9. dxc5 Be6 10. Qa4 Qc8 11. Nfe5 Nxe5 12. Nxe5 Qxc5 13. Nd3 Qc4 14. Qxc4
Bxc4 15. Bxb7 Rab8 16. Bf3 Bxd3 17. exd3 Rfd8 18. Rb1 Nd5 19. Bxd5 Rxd5 20. Be3
Rxb2 21. Rxb2 Bxb2 22. Bxa7 Ra5 23. Be3 1/2-1/2

[Event "SVG Saarbrücken I-SV Worms 1878 I"]
[Site "Saarbruecken GER"]
[Date "2017.11.12"]
[Round "4.8"]
[White "Cahen, Alexis"]
[Black "Martin, Mike"]
[Result "0-1"]
[WhiteElo "1951"]
[BlackElo "2132"]
[PlyCount "54"]
[EventDate "2017.11.12"]
[WhiteTeam "SVG Saarbrücken I"]
[BlackTeam "SV Worms 1878 I"]

1. e4 c5 2. Ne2 Nc6 3. c4 g6 4. d4 Bg7 5. d5 Nd4 6. Nbc3 e5 7. dxe6 dxe6 8. Be3
Ne7 9. Qd2 Nec6 10. Rd1 O-O 11. Nb5 e5 12. f4 a6 13. Nbc3 Nb4 14. Bxd4 exd4 15.
a3 Qh4+ 16. g3 dxc3 17. bxc3 Qe7 18. cxb4 Qxe4 19. Qd5 Qe3 20. Rd3 Qe8 21. Qxc5
Qe4 22. Qd5 Bf5 23. Rd1 Qe3 24. Bg2 Bg4 25. Qe4 Rfe8 26. Qxe3 Rxe3 27. Bxb7
Rae8 0-1

[Event "SC Remagen-Sinzig I-SC Heimbach-Weis/Ne"]
[Site "?"]
[Date "2017.11.12"]
[Round "4.2"]
[White "Winterberg, Lukas"]
[Black "Chatalbashev, Boris"]
[Result "0-1"]
[WhiteElo "2375"]
[BlackElo "2552"]
[PlyCount "114"]
[EventDate "2017.??.??"]
[WhiteTeam "SC Heimbach-Weis/Neuwied I"]
[BlackTeam "SC Remagen-Sinzig I"]

1. d4 Nf6 2. c4 g6 3. Nc3 d5 4. Nf3 Bg7 5. Bf4 O-O 6. Rc1 Be6 7. e3 c6 8. c5 b6
9. cxb6 axb6 10. Be2 Ne4 11. O-O c5 12. dxc5 Nxc3 13. bxc3 bxc5 14. c4 d4 15.
exd4 cxd4 16. c5 Nc6 17. Bb5 Nb4 18. c6 Qb6 19. a4 Na2 20. Ra1 Nc3 21. Qd3 Qc5
22. Rfe1 Bf5 23. Qf1 Be4 24. Bg5 e6 25. Nd2 Bxc6 26. Be7 Qxe7 27. Bxc6 Ra5 28.
Nb3 Ra7 29. Qd3 Qb4 30. Nd2 Rc8 31. Bb5 Nxa4 32. Reb1 Nb2 33. Rxa7 Nxd3 34.
Rxb4 Rc1+ 35. Nf1 Nxb4 36. Be8 Kf8 37. Bb5 Nd5 38. g3 Rc3 39. Nd2 Be5 40. Ne4
Rc7 41. Ra8+ Kg7 42. f4 Rc1+ 43. Kf2 Bc7 44. Kf3 Re1 45. Ra3 h6 46. Rb3 Ba5 47.
Bc4 Nc3 48. Nf2 g5 49. Rb7 Re3+ 50. Kg2 gxf4 51. gxf4 Ne2 52. f5 Nf4+ 53. Kg1
Re1+ 54. Bf1 exf5 55. Rb3 Bc3 56. Rb5 Bd2 57. Rxf5 Be3 0-1

[Event "SC Remagen-Sinzig I-SC Heimbach-Weis/Ne"]
[Site "?"]
[Date "2017.11.12"]
[Round "4.2"]
[White "Dgebuadze, Alexandre"]
[Black "Boidman, Yuri"]
[Result "1-0"]
[WhiteElo "2524"]
[BlackElo "2319"]
[PlyCount "43"]
[EventDate "2017.??.??"]
[WhiteTeam "SC Remagen-Sinzig I"]
[BlackTeam "SC Heimbach-Weis/Neuwied I"]

1. e4 c5 2. Nf3 Nc6 3. d4 cxd4 4. Nxd4 Nf6 5. Nc3 d6 6. Bc4 e6 7. Be3 Be7 8.
Qe2 O-O 9. O-O-O Qe8 10. h4 a6 11. Bg5 b5 12. Nxc6 Qxc6 13. Bd3 b4 14. e5 bxc3
15. exf6 Bxf6 16. Bxf6 gxf6 17. Qh5 f5 18. Qg5+ Kh8 19. Qf6+ Kg8 20. Rh3 f4 21.
Qg5+ Kh8 22. Qh6 1-0

[Event "SC Remagen-Sinzig I-SC Heimbach-Weis/Ne"]
[Site "?"]
[Date "2017.11.12"]
[Round "4.3"]
[White "Schulz, Klaus-Jürgen"]
[Black "Popovic, Petar"]
[Result "1/2-1/2"]
[WhiteElo "2343"]
[BlackElo "2446"]
[PlyCount "40"]
[EventDate "2017.??.??"]
[WhiteTeam "SC Heimbach-Weis/Neuwied I"]
[BlackTeam "SC Remagen-Sinzig I"]

1. Nf3 g6 2. d4 Nf6 3. c4 Bg7 4. g3 d5 5. cxd5 Nxd5 6. Bg2 Nb6 7. Nc3 Nc6 8. e3
O-O 9. O-O Re8 10. Re1 h6 11. Qe2 a5 12. Rd1 a4 13. h3 Bd7 14. Kh2 g5 15. d5
Na5 16. Nd4 Qc8 17. Bd2 c5 18. dxc6 Nxc6 19. Nxc6 Bxc6 20. e4 Qe6 1/2-1/2

[Event "SC Remagen-Sinzig I-SC Heimbach-Weis/Ne"]
[Site "?"]
[Date "2017.11.12"]
[Round "4.4"]
[White "Alienkin, Aleksander"]
[Black "Philipowski, Robert"]
[Result "1/2-1/2"]
[WhiteElo "2396"]
[BlackElo "2295"]
[PlyCount "43"]
[EventDate "2017.??.??"]
[WhiteTeam "SC Remagen-Sinzig I"]
[BlackTeam "SC Heimbach-Weis/Neuwied I"]

1. e4 c5 2. Nf3 Nc6 3. Bb5 g6 4. Bxc6 bxc6 5. O-O Bg7 6. Re1 Nh6 7. d4 cxd4 8.
Nxd4 f6 9. c4 c5 10. Bxh6 Bxh6 11. Nf5 Bf4 12. e5 gxf5 13. exf6 e6 14. Qf3 Ba6
15. Qxf4 Qxf6 16. Nc3 O-O 17. Rad1 Rf7 18. Re3 Bb7 19. Rd6 Bc6 20. Qe5 f4 21.
Qxf6 Rxf6 22. Re5 1/2-1/2